[Event "Poikovsky Karpov 06th"]
[Site "Poikovsky"]
[Date "2005.03.04"]
[Round "6"]
[White "Grischuk, Alexander"]
[Black "Bologan, Viktor"]
[Result "1/2-1/2"]
[WhiteElo "2710"]
[BlackElo "2683"]
[Annotator "Ribli,Z"]
[PlyCount "156"]
[EventDate "2005.02.26"]
[EventType "tourn"]
[EventRounds "9"]
[EventCountry "RUS"]
[EventCategory "18"]
[SourceTitle "CBM 106"]
[Source "ChessBase"]
[SourceDate "2005.06.06"]
[SourceVersion "1"]
[SourceVersionDate "2005.06.06"]
[SourceQuality "1"]

1. d4 Nf6 2. c4 e6 3. g3 d5 4. Bg2 Be7 5. Nf3 O-O 6. O-O dxc4 7. Qc2 a6 8. Qxc4
b5 9. Qc2 Bb7 10. Bd2 {Grischuk spielt diese Variante mit beiden Farben.} Be4 (
10... h6 11. a3 Ra7 12. Rc1 Be4 13. Qb3 Bd5 14. Qe3 Nbd7 15. Ba5 Qb8 16. Nbd2
Bd6 17. Rc2 Re8 18. Qd3 Qa8 19. Rac1 Rc8 20. b4 $14 {1/2-1/2 Grischuk,A-Polgar,
J/Wijk aan Zee NED 2005/The Week in Chess 533 (44)}) 11. Qc1 Qc8 12. Bg5 Nbd7 {
Schwarz wartet nicht die weiße Verstärkung ab; er kennt die Partie Beliavsky,A
- Grischuk,A Tripoli 2004.} (12... c5 13. dxc5 Qxc5 14. Nbd2 Bb7 15. Qxc5 Bxc5
16. Bxf6 gxf6 17. Rfc1 Bb6 18. Ne1 Bxg2 19. Kxg2 Nd7 20. Nd3 Rfc8 21. a4 (21.
Ne4 Kf8 22. g4 Ke7 $11 {1/2-1/2 Gelfand,B-Grischuk,A/Bastia 2003/(53)}) 21...
Rxc1 22. Rxc1 bxa4 23. Ra1 Nc5 24. Nxc5 Bxc5 25. Rxa4 {1/2-1/2 Beliavsky,
A-Grischuk,A/Tripoli LBA 2004/(67)}) 13. Nbd2 Bb7 14. Nb3 c5 {Für gewönlich
erhält Schwarz mit diesem Zug gute Ausgleichchancen.} (14... Re8 15. Rd1 Bd5
16. Bxf6 Bxf6 17. Qc2 a5 18. e4 Bxb3 19. Qxb3 c6 20. Rac1 Qa6 21. Rd2 a4 22.
Qe3 Rac8 23. Rdc2 Rc7 24. e5 Be7 25. Nd2 $14 {1/2-1/2 Lastin,A-Korotylev,A/
Moscow 2004/(40)}) 15. Bxf6 (15. dxc5 Nxc5 16. Bxf6 gxf6 17. Qh6 Nxb3 18. axb3
Rd8 19. Rac1 Qd7 20. Ne1 Bxg2 21. Nxg2 {1/2-1/2 Legde,G-Ballo,E/Germany 1998/
EXT 99 (35)}) 15... gxf6 16. Qf4 (16. Na5 Bd5 17. Qf4 f5 (17... Qb8 $5) 18.
dxc5 Qxc5 19. Nb3 Qb6 20. Rfd1 Rad8 21. Nbd4 Bxf3 22. Nxf3 Bf6 23. Rd6 Qa7 24.
Qh6 {1-0 Hausrath,D-Halasz,T/Recklinghausen 2002/(43)}) 16... Qb8 $146 (16...
c4 17. Na5 Ra7 18. Nxb7 Rxb7 19. Rac1 Rc7 20. e3 Rd8 21. Qg4+ Kh8 22. Qh5 Kg7
23. Rc2 Nf8 24. Rfc1 Qd7 25. Nd2 Rdc8 26. a4 Ng6 27. axb5 axb5 28. Ra1 f5 {
0-1 Comp Mephisto Vancouver-Sybor,P/Polanica Zdroj 1993/EXT 97 (37)}) 17. Qh4
cxd4 18. Rad1 (18. Qxd4 $5) 18... Ra7 (18... e5 $4 19. Qg4+ $18) 19. Rxd4 Bxf3
$1 $11 {[%cal Ga7c7] Schwarz tauscht seinen Läufer, um auf diese Weise seinen
Ra7 in Spiel zu bringen.} 20. exf3 (20. Bxf3 Ne5 21. Bg2 f5 $11) 20... Ne5 {
[%cal Ge5g6,Ge5c4]} 21. Qh6 f5 {[%csl Ge7,Gf5][%mdl 256] Die schwarze
Königsstellung ist sicher: Be7 und Pf5 verteidigt alles.} 22. h3 Rd8 23. Rfd1
Rxd4 24. Rxd4 Rc7 (24... Rd7 $11) 25. f4 Nc4 $5 $13 {[%cal Gc4b2] Mit diesem
Zug will Schwarz auf Gewinn spielen. Die folgende Alternative scheint mir
sicherer und besser.} (25... Ng6 $11) 26. g4 $1 Qf8 (26... Nxb2 27. gxf5 Qf8
$13) 27. Qh5 Bf6 28. Rd3 {[%cal Gd3g3,Gg3g8]} Nxb2 29. Rg3 Kh8 30. gxf5 e5 $1 (
30... exf5 31. Qxf5 Qh6 32. Nc5 $36) 31. fxe5 Bxe5 32. Rg4 Bf6 33. Nd2 $1 {
[%cal Gd2e4] Der Springer zielt auf das Feld e4.} Rc1+ $1 34. Bf1 Rc6 $1 35.
Bg2 (35. Ne4) 35... Rc1+ 36. Bf1 Rc6 37. Ne4 h6 38. Bg2 Nc4 $5 39. Ng5 {
[%cal Rg2c6,Rg5f7]} Rc7 40. Ne4 Rc6 41. Kh1 $6 {Weiß ist nicht zufrieden mit
der Zugwiederholung, aber er hat nichts besseres.} (41. Ng5) 41... Ne5 42. Rg3
Nd7 {[%cal Gd7c5,Gc5e4] Schwarz bereitet 43...Nc5 vor, um den weißen Springer
zu verjagen oder zu tauschen.} 43. Qd1 Nc5 44. Nxf6 (44. Qd5 Nxe4 45. Qxc6
Nxg3+ 46. fxg3 Kg7 47. Qxa6 Qc5 $11) 44... Rxf6 45. Rc3 $5 {Weiß opfert einen
Bauern für aktives Figurenspiel} (45. Qd4 Qd6 $11) 45... Rxf5 {Schwarz besitzt
einen Mehrbauern, aber er hat auch einige Schwächen in seiner Stellung.} 46.
Qc2 Re5 47. f4 Re1+ 48. Kh2 Na4 49. Qd2 $2 (49. Rc8 Re8 50. Rc6 Re6 51. Rc8 $11
) 49... Rd1 $3 $17 50. Qxd1 Nxc3 51. Qd4+ Qg7 {[%mdl 4096] Beide
Königsstellungen weisen Schwächen auf} 52. Qd8+ Kh7 53. a3 Qg6 54. Qd4 Qg3+ $1
55. Kh1 (55. Kxg3 Ne2+ 56. Kf2 Nxd4 $17) 55... a5 {[%csl Ga5,Gb5]} 56. Qf6 Qg7
57. Qf5+ Qg6 58. Qe5 b4 $2 (58... Qd3 59. Qc7 Kg6 60. Qxa5 Qe3) 59. Kh2 $2 (59.
Qxa5 Qb1+ 60. Kh2 Ne2 61. Qa7 $11) 59... Qb6 60. f5 Qb5 61. Qf6 Qc4 62. axb4
axb4 63. Qe5 Nb5 64. Bd5 Qc1 $4 {Mit diesem Zug vergibt Schwarz seine
Gewinnchancen.} (64... Qc2+ 65. Kh1 Qc3 $19) (64... Qd4 $19) 65. Bxf7 Qc7 66.
Qxc7 Nxc7 $11 {Aufgrund seines Freibauern steht Schwarz etwas besser, aber
Weiß kann das Remis leicht erreichen.} 67. Bc4 Kg7 68. Kg3 Ne8 69. Kf4 Kf6 70.
Bb3 Nd6 71. Be6 Nb7 72. Ke3 Nc5 73. Bg8 Kxf5 74. Kd4 Ne6+ 75. Kc4 {Weiß muss
den b4-Bauern vernichten.} Nf4 76. Kxb4 Nxh3 77. Bf7 Nf4 78. Kc4 Ke5 1/2-1/2

[Event "FRA-chT Top 16 GpA"]
[Site "Noyon"]
[Date "2005.03.31"]
[Round "4"]
[White "Aronian, Levon"]
[Black "Grischuk, Alexander"]
[Result "1-0"]
[WhiteElo "2684"]
[BlackElo "2710"]
[PlyCount "61"]
[EventDate "2005.03.31"]
[EventType "team"]
[EventRounds "7"]
[EventCountry "FRA"]
[SourceTitle "CBM 105 Extra"]
[Source "ChessBase"]
[SourceDate "2005.05.01"]
[SourceVersion "1"]
[SourceVersionDate "2005.05.01"]
[SourceQuality "1"]

1. d4 Nf6 2. c4 g6 3. Nf3 Bg7 4. g3 c5 5. Bg2 O-O 6. O-O cxd4 7. Nxd4 d5 8.
cxd5 Nxd5 9. Nc3 Nxc3 10. bxc3 Qc7 11. Rb1 Qxc3 12. Nb5 Qa5 13. Bd2 Qd8 14. Be3
Qa5 15. Qe1 Nc6 16. Qxa5 Nxa5 17. Nc7 Bf5 18. Nxa8 Bxb1 19. Rxb1 Rxa8 20. Bxb7
Rd8 21. Bf3 Bd4 22. Rd1 e5 23. Kg2 Nc4 24. Bg5 Re8 25. e3 Bb2 26. Rd7 e4 27.
Bd1 a5 28. Rc7 Nd6 29. Bb3 Kg7 30. Rd7 Be5 31. Bd8 1-0

[Event "FRA-chT Top 16 GpA"]
[Site "Noyon"]
[Date "2005.04.02"]
[Round "6"]
[White "Grischuk, Alexander"]
[Black "Prie, Eric"]
[Result "1-0"]
[WhiteElo "2710"]
[BlackElo "2439"]
[PlyCount "73"]
[EventDate "2005.03.31"]
[EventType "team"]
[EventRounds "7"]
[EventCountry "FRA"]
[SourceTitle "CBM 105 Extra"]
[Source "ChessBase"]
[SourceDate "2005.05.01"]
[SourceVersion "1"]
[SourceVersionDate "2005.05.01"]
[SourceQuality "1"]

1. d4 d5 2. c4 c6 3. Nc3 Nf6 4. e3 Bf5 5. cxd5 cxd5 6. Qb3 Bc8 7. Nf3 e6 8. Bd3
Nc6 9. O-O Be7 10. e4 dxe4 11. Nxe4 O-O 12. Be3 Nd5 13. Rac1 Nxe3 14. fxe3 Qd5
15. Qa4 Bd7 16. Nc3 Qh5 17. Qb3 Rab8 18. a3 Rfd8 19. Qa2 Qh6 20. Rce1 Rbc8 21.
Ne4 a6 22. b4 Be8 23. Qf2 e5 24. Kh1 g6 25. Nc5 Bxc5 26. bxc5 Qg7 27. Bc4 h6
28. Ba2 Kh7 29. Qh4 f6 30. Be6 Bd7 31. dxe5 Nxe5 32. Nxe5 Bxe6 33. Rxf6 Bd5 34.
Rxg6 Qf8 35. Kg1 Rc6 36. Nxc6 bxc6 37. Rxh6+ 1-0

[Event "FRA-chT Top 16 GpA"]
[Site "Noyon"]
[Date "2005.04.03"]
[Round "7"]
[White "Magem Badals, Jordi"]
[Black "Grischuk, Alexander"]
[Result "0-1"]
[WhiteElo "2485"]
[BlackElo "2710"]
[PlyCount "88"]
[EventDate "2005.03.31"]
[EventType "team"]
[EventRounds "7"]
[EventCountry "FRA"]
[SourceTitle "CBM 105 Extra"]
[Source "ChessBase"]
[SourceDate "2005.05.01"]
[SourceVersion "1"]
[SourceVersionDate "2005.05.01"]
[SourceQuality "1"]

1. e4 d6 2. d4 Nf6 3. Nc3 g6 4. f3 a6 5. Be3 b5 6. g4 h6 7. Nge2 Nbd7 8. Ng3
Nb6 9. b3 Bb7 10. h4 Bg7 11. Nce2 e6 12. Bg2 Qe7 13. Qd2 Nfd7 14. Rd1 O-O-O 15.
Kf2 Kb8 16. h5 g5 17. a4 bxa4 18. Qa5 d5 19. e5 axb3 20. cxb3 Bf8 21. Nc1 Qa3
22. Qxa3 Bxa3 23. Nd3 Be7 24. Ra1 Bc6 25. Rhc1 Bb5 26. Bf1 c6 27. Bd2 Kb7 28.
Nb4 Rc8 29. Nxa6 Bxf1 30. Kxf1 Ra8 31. Nb4 Rxa1 32. Rxa1 c5 33. Nd3 c4 34. Bb4
Bxb4 35. Nxb4 cxb3 36. Rb1 Nc4 37. Ke1 Na5 38. Ne2 Kb6 39. Nc1 Kb5 40. Nbd3 Kc4
41. Ra1 Kb5 42. Rb1 Rc8 43. Nxb3 Nxb3 44. Rxb3+ Kc4 0-1

[Event "RUS-chT 12th"]
[Site "Sochi"]
[Date "2005.04.25"]
[Round "7"]
[White "Grischuk, Alexander"]
[Black "Sorokin, Maxim"]
[Result "1-0"]
[WhiteElo "2724"]
[BlackElo "2599"]
[Annotator "Postny,E"]
[PlyCount "149"]
[EventDate "2005.04.19"]
[EventType "team-tourn"]
[EventRounds "11"]
[EventCountry "RUS"]
[SourceTitle "EXT 2020"]
[Source "ChessBase"]
[SourceDate "2019.10.17"]
[SourceVersion "1"]
[SourceVersionDate "2019.10.17"]
[SourceQuality "1"]
[WhiteTeam "Sverdlovsk Ural region"]
[BlackTeam "Samara Yunilain"]
[WhiteTeamCountry "RUS"]
[BlackTeamCountry "RUS"]

1. e4 e5 2. Nf3 Nc6 3. Bb5 a6 4. Ba4 Nf6 5. O-O Nxe4 6. d4 b5 7. Bb3 d5 8. dxe5
Be6 9. Nbd2 Nc5 10. c3 Be7 11. Bc2 d4 12. Nb3 d3 13. Bb1 ({Leads to a slightly
better endgame for black:} 13. Nxc5 dxc2 14. Qxd8+ Rxd8 15. Nxe6 fxe6 16. Be3 {
which occured in the game Sutovsky,E-Sorokin,M played just one day earlier...})
13... Nxb3 14. axb3 Bf5 15. Be3 O-O 16. Bd4 Qd5 17. Re1 {It's interesting that
this position has arisen in a few games with White's turn to move. This could
happen after 10...Bg4 11.Bc2 Be7 12.Re1 d4 13.Nb3 d3 14.Bb1 Nxb3 15.axb3 Bf5
16.Be3 0-0 17.Bd4 Qd5. After 18.Re3 Sorokin managed to hold in the game Oll,
L-Sorokin,M/Norilsk 1987 (1/2-1/2,57). The current game was less successful
for Sorokin, so probably White's extra tempo is in black's favour?!} (17. Bxd3
Bxd3 18. Qxd3 Qxb3 19. Qe4 Nxd4 20. Nxd4 Qxb2 21. Nf5 Rae8 22. Rxa6 Qxc3 $17 {
0-1 Maus,S-Pieper Emden,C/Bundesliga 1989 (36)}) 17... Nd8 $5 $146 {[%mdl 8]} (
{After} 17... Rfd8 {White got a preferable position in the game Svidler,
P-Motylev,A/Moscow 2004/CBM 104 [Postny,E]}) 18. e6 $5 {Preventing Black to
occupy the e6 square with the knight.} (18. b4 Ne6 19. Bxd3 Bxd3 20. Qxd3 Rfd8
{and White is not able to hold his extra pawn, for example:} 21. Red1 (21. Rad1
a5 $1) 21... Nxd4 22. cxd4 Bxb4) 18... fxe6 (18... Nxe6 $6 19. Re5 Qd7 20. Rxf5
Nxd4 21. Nxd4 c5 22. Qxd3 g6 (22... cxd4 $2 23. Rd5 $18 {[%cal Rd3h7]}) 23. Rf4
cxd4 24. Rxd4 $16) (18... Bxe6 19. Qxd3 Qh5 20. Re5 {looks unattractive for
Black as well.}) 19. Bxd3 Bxd3 20. Re5 (20. Qxd3 $2 c5 21. Re5 Qd7 22. Qe4 cxd4
23. Qxa8 Nc6 24. Qxa6 Rxf3) 20... Qd7 21. Qxd3 Nf7 ({A principled continuation
was:} 21... c5 $5 22. Qe4 (22. Rh5 $2 g6 (22... h6 $4 23. Rxh6 $1 $18) 23. Ne5
Qe8 24. Qh3 cxd4 25. Rxh7 Bf6 26. Nd7 Bg7 27. Nxf8 Qxf8 $17) 22... cxd4 23.
Qxa8 Nc6 24. Qxa6 Rxf3 25. Rxb5 Rf6 {with chances for both sides.}) 22. Re3 c5
23. Be5 Qxd3 24. Rxd3 Rfd8 25. Rxd8+ Nxd8 26. Bf4 $14 {White has a small, but
long-lasting advantage thanks to his superior pawn structure.} Nc6 27. Nd2 {
Transfering the knight to a more active position.} (27. Kf1 $14 {followed by
Ke2 was possible as well.}) 27... e5 28. Bg3 Kf7 29. Kf1 Ke6 30. f3 Nb8 31. Ne4
Nd7 32. c4 Nb6 $6 (32... bxc4 33. bxc4 a5 $14) 33. Bf2 $6 (33. Ra5 $1 bxc4 34.
Nxc5+ Kf7 35. b4 $16 {[%csl Ra6]}) 33... bxc4 34. b4 Nd7 35. bxc5 Kd5 36. Ra4
a5 ({After} 36... Nxc5 37. Ra5 Rc8 {Black does not lose material immediatly,
but his position is tightened forever.}) 37. c6 (37. Nc3+ Kc6 38. Rxc4 Rb8 39.
Ra4 Bd8 (39... Rxb2 $2 40. Rxa5 Rc2 41. Ne4 Bxc5 42. Bxc5 Nxc5 43. Nxc5 Rxc5
44. Ra7 $18) 40. Ra2 (40. Rg4 Rxb2 41. Rxg7 Rb3 42. Ne4 a4 43. Rg8 a3 44. Rxd8
a2 45. Ra8 Rb1+ 46. Ke2 a1=Q 47. Rxa1 Rxa1) 40... Nxc5 41. Bxc5 Kxc5 42. Ke2
$14) 37... Nf6 38. Nc3+ Kxc6 39. Rxc4+ Kd7 40. Bb6 $6 {This move appeares to
be a waste of time.} (40. Na4 $142 Nd5 41. Ke2) 40... Rb8 41. Na4 Nd5 42. Bf2
Rb3 $2 {Obviously missing white's reply.} (42... Rb4 43. Nc5+ Bxc5 44. Rxc5 Kd6
45. Rxa5 Rxb2 $11) 43. Rc5 $1 {[%csl Ra5,Rd5] This simple tactical trick
yields white a pawn.} Ke6 44. Rxa5 {White has won a pawn, but Black keeps
chances for a draw thanks to his mobile pieces.} Nf4 $2 ({It was necessary to
play actively:} 44... Bb4 $1 45. Rb5 (45. Rc5 Rd3 $132) 45... Rd3 46. Rxb4 Nxb4
47. Nc5+ Kd5 48. Nxd3 Nxd3 49. b3 Nc1 50. b4 Kc4 51. Bc5 Nd3 $14) 45. Ra6+ Kf7
46. Ra7 Kf8 47. Be1 Rd3 48. Nc3 Bc5 49. Rc7 Bb4 50. Rc4 Bd6 51. Ne4 $18 {
White successfully regrouped his pieces.} Ke7 52. Rc6 Bb8 53. Bb4+ Kd8 54. Bd2
Nd5 55. Rc5 Nf4 56. Rb5 Bc7 57. Bxf4 {Eliminating the annoying knight in order
to activate the king.} exf4 58. Ke2 Rd4 59. Nc5 Rc4 60. Kd3 Rc1 61. Ne6+ Kd7
62. Nxc7 {One has to be careful, when transposing to a rooks endgame, which
are frequently drawish. In this case it's a correct decision, since white is
winning a second pawn by force.} Kxc7 63. Rf5 Rd1+ 64. Ke4 Kd6 65. Kxf4 Rd2 66.
Kg3 Ke6 (66... Rxb2 67. Rf7 $18) 67. Rb5 {Two extra pawns promise White an
easy win.} Kf6 68. b4 Rb2 69. Rb8 h5 70. b5 h4+ 71. Kh3 g5 72. b6 Rb4 73. b7
Kg7 74. g3 hxg3 75. Kxg3 $1 ({It was not too late to spoil everything:} 75.
hxg3 $4 g4+ $1 {and black reaches theoretically drawn position.}) (75. Kxg3 Kh7
76. h4 $1 gxh4+ 77. Kh3 Kg7 78. f4 $18 {[%cal Gf4f5,Gf5f6]}) 1-0

[Event "FRA-chT Top 16 GpB"]
[Site "Port Barcares"]
[Date "2005.05.05"]
[Round "9"]
[White "Grischuk, Alexander"]
[Black "Payen, Arnaud"]
[Result "1-0"]
[WhiteElo "2724"]
[BlackElo "2393"]
[PlyCount "59"]
[EventDate "2005.05.04"]
[EventType "team"]
[EventRounds "11"]
[EventCountry "FRA"]
[SourceTitle "CBM 107"]
[Source "ChessBase"]
[SourceDate "2005.08.01"]
[SourceVersion "1"]
[SourceVersionDate "2005.08.01"]
[SourceQuality "1"]

1. e4 e5 2. Nf3 Nc6 3. Bb5 a6 4. Ba4 Nf6 5. O-O Be7 6. Re1 b5 7. Bb3 d6 8. c3
O-O 9. h3 a5 10. d3 a4 11. Bc2 Bd7 12. Nbd2 Re8 13. Nf1 h6 14. d4 Bf8 15. Ng3
Na5 16. Nh2 c5 17. d5 g6 18. Bd3 c4 19. Bc2 Nb3 20. axb3 axb3 21. Rxa8 Qxa8 22.
Qf3 Bg7 23. Bd1 Qa1 24. Qe3 Ra8 25. Be2 Ra6 26. f4 exf4 27. Qxf4 h5 28. Nf3 Be8
29. Nd4 Rb6 30. Ngf5 1-0

[Event "FRA-chT Top 16 GpB"]
[Site "Port Barcares"]
[Date "2005.05.06"]
[Round "10"]
[White "Sulava, Nenad"]
[Black "Grischuk, Alexander"]
[Result "0-1"]
[WhiteElo "2478"]
[BlackElo "2724"]
[Annotator "Krasenkow,M"]
[PlyCount "148"]
[EventDate "2005.05.04"]
[EventType "team"]
[EventRounds "11"]
[EventCountry "FRA"]
[SourceTitle "CBM 107"]
[Source "ChessBase"]
[SourceDate "2005.08.01"]
[SourceVersion "1"]
[SourceVersionDate "2005.08.01"]
[SourceQuality "1"]

1. d4 Nf6 2. c4 g6 3. Nc3 d5 4. Nf3 Bg7 5. Bf4 O-O 6. Rc1 dxc4 7. e3 Be6 8. Ng5
Bg4 {A rare move instead of the normal} (8... Bd5) 9. f3 {Of course this pawn
disrupts White's play but does it compensate Black's loss of several tempi?
The answer is apparently positive!} (9. Qa4 h6 10. Nge4 Nxe4 11. Nxe4 c6 12.
Qxc4 Nd7 13. h3 Bf5 14. Nc5 e5 (14... Nxc5 $5 15. Qxc5 Be4) 15. Nxd7 exf4 16.
Nxf8 fxe3 17. fxe3 Qh4+ 18. Kd2 Rxf8 $44 {0-1 Csiszar,C-Szabo,Z/Balatonlelle
2001/EXT 2004 (30)}) 9... Bc8 10. Bxc4 e6 (10... h6 11. Nge4 Nxe4 12. Nxe4 Nc6
13. Bg3 e5 14. d5 Ne7 15. Bf2 Nf5 16. Qc2 Bd7 17. O-O Qe7 18. Qb3 Rab8 19. Rfd1
Nd6 20. Bd3 Bf5 21. Nxd6 Bxd3 22. Rxd3 cxd6 23. e4 $16 {1-0 Mirzoev,A-Bofill
Mas,A/Banyoles 2004/EXT 2005 (30)}) (10... c6 $5 11. Qb3 e6 12. Nge4 Nd5 (12...
Nbd7 13. Bg5 Qa5 14. O-O Nd5 15. Bxd5 exd5 16. Nd6 f6 17. Bf4 Nb6 18. Nce4 Nd7
19. Nxc8 Raxc8 20. Nd6 Rb8 21. Nxb7 Qb6 22. Bxb8 Rxb8 23. Nc5 $18 {1-0 Meduna,
E-Jansa,V/Czechia 2003/EXT 2004 (27)}) 13. Bxd5 cxd5 (13... exd5 14. Nd6) 14.
Nd6 Nc6 15. Nxb7 Qh4+ 16. Bg3 Qh6 17. Ne2 Bxb7 18. Qxb7 Na5 19. Qb4 Nc4 $44 {
0-1 Karpov,A-Kasparov,G/New York 2002/CBM 093/[Ftacnik] (52)}) 11. Nge4 (11. h4
h6 12. Nge4 Nd5 13. g3 b6 14. Bb3 Na6 15. Kf2 Bb7 16. Qe2 {1/2-1/2 Dreev,
A-Sutovsky,E/Essen 2000/CBM 077}) 11... Nd5 12. Bxd5 {The arising structure,
without White's light-squared bishop, is quite favourable for Black.} (12. g3
$5) 12... exd5 13. Nf2 (13. Nb5 $2 c6 14. Nc7 dxe4 15. Nxa8 Na6 {and the a8
knight will be lost.}) 13... c6 14. O-O Re8 15. Kh1 Be6 16. e4 $6 Na6 $6 {
Black could have safely taken the pawn:} (16... dxe4 17. Nfxe4 Qxd4 18. Qxd4
Bxd4 19. Rfd1 Bg7 {although after} 20. Nc5 (20. Nd6 Re7 21. Nf5 (21. Nxb7 $2
Bxc3) 21... Rd7 22. Nxg7 Kxg7 {and Black has some winning chances.}) (20. Bg5
Nd7 21. Nd6 Reb8) 20... b6 21. Nxe6 fxe6 22. b3 {White's counterplay could be
sufficient to save the game.}) 17. e5 c5 $6 {A self-weakening move.} (17... f6
$142 $13) 18. dxc5 Nxc5 {[%csl Rd5]} 19. Nb5 Na6 20. Nd6 Rf8 21. Qd2 (21. Nxb7
Qb6 22. Nd6 Qxb2 23. Nd3 Qa3 24. Qd2 $16) 21... Qb6 22. Nd3 f6 23. Be3 $2 {
Giving up a pawn without serious reason. Of course, White will have a
compensation but hardly any real advantage.} (23. exf6 Rxf6 (23... Bxf6 24. a4)
24. a4 $16 {[%csl Ra6][%cal Ya4a5]}) 23... d4 24. Bh6 fxe5 25. Bxg7 Kxg7 26.
Ne4 $44 Qb5 27. a4 (27. Nec5 Bf5 $1) 27... Qd5 (27... Qxa4 28. Qg5) 28. b4 (28.
Rfe1 $5 {[%csl Re5]}) 28... Rac8 29. Qg5 (29. Rxc8 Bxc8 (29... Rxc8 30. Qg5 Rf8
31. Nxe5 Qd8 32. Qd2 Qd5 33. Re1 $1 $14 {[%csl Ra6]}) 30. Rc1 Bf5 31. b5 $36)
29... h6 30. Qh4 b6 31. Rxc8 Bxc8 32. Rc1 Bf5 33. b5 Nb8 34. Qe7+ Rf7 35. Qxe5+
Qxe5 36. Nxe5 {[%mdl 4096] White has recaptured the pawn and the endgame
should end in a draw. However...} Re7 37. Nc6 (37. Nd3 $142 Bxe4 38. fxe4 Rxe4
39. Rc7+ Kf6 40. Kg1 Re3 41. Rxa7 $1 Rxd3 42. Rb7 {with an inevitable draw.})
37... Nxc6 38. bxc6 Rc7 39. g4 $2 {A very bad, weakening move.} (39. Kg1 Bxe4
40. fxe4 Kf6 (40... d3 41. Kf2 d2 42. Rd1 Rxc6 43. Rxd2 $11) 41. Kf2 Ke5 42.
Kf3 h5 43. h4 {and the draw is not far away.}) 39... Bxe4 40. fxe4 Kf6 41. Kg2
d3 42. Kf3 d2 43. Rd1 Rxc6 44. Rxd2 Rc3+ 45. Kf2 Ke6 {White is now in trouble:
his g4 pawn is placed awfully and the black rook is very active. Still, he
should save the game by accurate play, giving up one of the pawns but
activating the rook.} 46. Rd8 Rc4 47. Rh8 (47. a5 $5 Rxe4 48. axb6 axb6 49. Rb8
Rb4 50. Kf3 Ke5 51. Re8+ {If the black king goes to help the passed b-pawn,
White is ready to attack Black's kingside pawns, which should secure a draw.})
47... Rxe4 48. Kf3 $2 {A grave error. White gives connected passed pawns to
the opponent, after which Black gradually wins.} (48. a5 $1 {was correct, e.g.}
Rxg4 (48... bxa5 49. Kf3 Re5 50. Rxh6) 49. axb6 axb6 50. Rxh6 {and White
should not lose.}) 48... Rxa4 49. Rxh6 Kf6 50. Rh7 Ra3+ 51. Kf4 Ra4+ 52. Kf3
Ra3+ 53. Kf4 g5+ 54. Ke4 Ra4+ 55. Kf3 (55. Ke3 b5 {[%cal Ch7b7,Cb7b5,Yb5b4,
Ya7a5]}) 55... Kg6 56. Rd7 Rf4+ 57. Kg3 Rf7 58. Rd6+ Rf6 59. Rd8 Rc6 60. Rg8+
Kf6 61. Rf8+ Kg7 62. Ra8 a5 63. Kf3 Rc4 64. Rd8 Rf4+ 65. Kg3 Rf8 66. Rd5 Kg6
67. h4 gxh4+ 68. Kxh4 a4 69. Rg5+ Kh6 70. Rb5 Rb8 71. g5+ Kg7 72. Kg4 a3 73.
Rd5 Ra8 74. Rd7+ Kg8 0-1